000 00785cam a2200265 a 4500
008
020 _a0750647167 (pbk. )
049 _aMAIN
090 _aTJ223.M53
_bTOO
100 1 _aTooley, MIke
245 1 0 _aPC-based instrumentation and control /
_cMike Tooley.
250 _a3rd ed.
260 _aOxford :
_bNewnes,
_c1995.
300 _axi , 496 p. :
_bill. ;
_c24 cm.
504 _aIncludes bibliographical references
500 _aIncludes Index.
650 0 _aAutomatic control
_xData processing.
650 0 _aMicroprocessors.
653 0 _aAutomatic control
_aUse of
_aMicrocomputers
907 _a.b10238657
_b27-11-13
_c16-04-07
003
005 20230123134420.0
040 _cNUST
942 _cBOOKS
_kTJ223.M53
_mTOO
999 _c165532
_d165532